000
00314nam a22001457a 4500
003
SGT
020
_a
9788123020747
082
_a
954
_b
RAK
100
_a
RAKESH RENU
245
_a
BHARAT 2016
250
_a
60
260
_a
NEW DELHI
_b
INFORMATION AND BROADCAST MINISTRY
_c
2016
300
_a
1032
942
_2
ddc
_c
BK
999
_c
26754
_d
26754